| 000 | 00357nam a22001457a 4500 | ||
|---|---|---|---|
| 003 | SGT | ||
| 020 | _a978-81-319-0034-5 | ||
| 082 |
_a616.024 _bB09C |
||
| 100 | _aCLARKE, JOHN H. | ||
| 245 | _aBIRD EYE VIEW : A LECTURE ON HAHNEMANN'S ORGAONON OF MEDICINE | ||
| 260 |
_aINDIA _bB.JAIN PUB _c2009 |
||
| 300 | _a24 | ||
| 650 | _aHOMOEOPATHIC | ||
| 942 |
_2ddc _cBK |
||
| 999 |
_c20452 _d20452 |
||